000 02635cam a2200433 4500500
005 20251228051949.0
041 _afre
042 _adc
100 1 0 _aOliva, Adriano
_eauthor
245 0 0 _aMétaphysique du mariage d’après Thomas d’Aquin
260 _c2017.
500 _a12
520 _aPour répondre aux critiques d’Henry Donneaud, nous développons ici notre précédente étude à propos de la fin propre du mariage selon saint Thomas, en nous appuyant sur un plus grand nombre de textes. Nous montrons, d’une part, l’exactitude de notre exégèse de ces textes et la cohérence de notre étude avec l’enseignement métaphysique de l’Aquinate ; d’autre part, nous prouvons que, selon saint Thomas, la procréation ne peut pas être la fin propre du mariage, mais que c’est à l’essence même de celui-ci, l’amitié des conjoints, union indivisible de leurs esprits et de leurs cœurs, que ce rôle revient.
520 _aTo respond to the criticisms of Henry Donneaud, we develop here our previous study on the proper end of marriage according to St. Thomas, drawing support from a greater number of texts. On the one hand, we show the accuracy of our exegesis of these texts and the coherence of our study with the metaphysical teaching of the Aquinate. On the other hand, we demonstrate that, according to St. Thomas, procreation cannot be the proper end of marriage, but that it is its very essence, the role of end being exercised by the friendship of the spouses and the indivisible union of their hearts and minds.
690 _aamitié
690 _aessence du mariage
690 _afin prochaine et fin éloignée
690 _afin propre et fin principale
690 _ahabitus
690 _aindissolubilité
690 _amariage
690 _aoffice de la nature humaine
690 _aopération et fin propre du mariage
690 _aperfection première et perfection seconde
690 _aprocréation
690 _aessence of marriage
690 _afirst perfection and second perfection
690 _afriendship
690 _ahabitus
690 _aindissolubility
690 _amarriage
690 _aoffice of human nature
690 _aoperation and end proper to marriage
690 _aprocreation
690 _aproper end and principal end
690 _aproximate end and remote end
786 0 _nRevue des sciences philosophiques et théologiques | 101 | 2 | 2017-06-01 | p. 239-286 | 0035-2209
856 4 1 _uhttps://shs.cairn.info/revue-des-sciences-philosophiques-et-theologiques-2017-2-page-239?lang=fr&redirect-ssocas=7080
999 _c1582532
_d1582532